[Event "7. Internacional Governador Mario Covas"]
[Site "Santos BRA"]
[Date "2007.05.19"]
[Round "1.1"]
[White "Fier, Alexandr"]
[Black "Leitao, Rafael"]
[Result "1/2-1/2"]
[WhiteElo "2499"]
[BlackElo "2603"]
[PlyCount "32"]
[EventDate "2007.05.19"]
[EventType "tourn"]
[EventRounds "9"]
[EventCountry "BRA"]
[EventCategory "10"]
[Source "lmi"]
[SourceDate "2007.05.19"]

1. e4 c6 2. d4 d5 3. e5 Bf5 4. Nc3 e6 5. g4 Bg6 6. Nge2 f6 7. h4 fxe5 8. h5 Bf7
9. dxe5 Nd7 10. f4 Qb6 11. Nd4 c5 12. Nf3 Ne7 13. Kf2 Nc6 14. Kg3 O-O-O 15. b3
Be7 16. g5 Bf8 1/2-1/2

[Event "7. Internacional Governador Mario Covas"]
[Site "Santos BRA"]
[Date "2007.05.19"]
[Round "1.2"]
[White "Rodriguez Vila, Andres"]
[Black "Lemos, Damian"]
[Result "1-0"]
[WhiteElo "2559"]
[BlackElo "2422"]
[PlyCount "55"]
[EventDate "2007.05.19"]
[EventType "tourn"]
[EventRounds "9"]
[EventCountry "BRA"]
[EventCategory "10"]
[Source "lmi"]
[SourceDate "2007.05.19"]

1. e4 e6 2. Qe2 d5 3. d3 dxe4 4. dxe4 b6 5. Nd2 Ba6 6. Nc4 Nf6 7. Nf3 Nc6 8. e5
Nd7 9. Bf4 Be7 10. O-O-O Qc8 11. c3 O-O 12. Qc2 Rd8 13. h4 Nf8 14. Bd3 Qb7 15.
Ng5 Ng6 16. Bxg6 Rxd1+ 17. Qxd1 fxg6 18. Ne3 Nd8 19. Qd7 c6 20. Qe8+ Bf8 21.
Nxh7 Nf7 22. Qxe6 Kxh7 23. h5 g5 24. Qg6+ Kh8 25. h6 Nxh6 26. Bxg5 Qd7 27. e6
Bd3 28. Qxh6+ 1-0

[Event "7. Internacional Governador Mario Covas"]
[Site "Santos BRA"]
[Date "2007.05.19"]
[Round "1.3"]
[White "Coelho, Luis Henrique"]
[Black "Fernandez, Daniel"]
[Result "1-0"]
[WhiteElo "2395"]
[BlackElo "2436"]
[PlyCount "55"]
[EventDate "2007.05.19"]
[EventType "tourn"]
[EventRounds "9"]
[EventCountry "BRA"]
[EventCategory "10"]
[Source "lmi"]
[SourceDate "2007.05.19"]

1. d4 d5 2. c4 c6 3. Nc3 Nf6 4. e3 a6 5. Nf3 Bf5 6. Bd3 Bxd3 7. Qxd3 e6 8. O-O
Nbd7 9. e4 Nxe4 10. Nxe4 dxe4 11. Qxe4 Be7 12. Bf4 O-O 13. Rfe1 Re8 14. b3 a5
15. Qc2 Qb6 16. Rad1 a4 17. bxa4 Qa5 18. d5 cxd5 19. cxd5 exd5 20. Bc7 Qb4 21.
Rxd5 Nf6 22. Rd4 Qc5 23. Rc4 Qa7 24. Qf5 Bf8 25. Be5 Qa5 26. Qb1 Nd5 27. Rd1
Qa6 28. Rh4 1-0

[Event "7. Internacional Governador Mario Covas"]
[Site "Santos BRA"]
[Date "2007.05.19"]
[Round "1.4"]
[White "Cubas, Jose Fernando"]
[Black "Milos, Gilberto"]
[Result "0-1"]
[WhiteElo "2447"]
[BlackElo "2579"]
[PlyCount "192"]
[EventDate "2007.05.19"]
[EventType "tourn"]
[EventRounds "9"]
[EventCountry "BRA"]
[EventCategory "10"]
[Source "lmi"]
[SourceDate "2007.05.19"]

1. e4 e5 2. Nf3 Nc6 3. Bc4 Nf6 4. d3 Be7 5. O-O O-O 6. Re1 d6 7. c3 h6 8. Nbd2
Nh7 9. Nf1 Na5 10. Bb5 f5 11. b4 a6 12. Ba4 Nc6 13. Bb3+ Kh8 14. exf5 Bxf5 15.
Ng3 Bg6 16. a4 Qd7 17. Ra2 Rae8 18. d4 exd4 19. b5 Nd8 20. Nxd4 Bf6 21. Rae2
axb5 22. axb5 Rxe2 23. Rxe2 Re8 24. Rxe8+ Qxe8 25. Nge2 Ng5 26. Nf4 Bf7 27. Bc2
Bxd4 28. cxd4 Qxb5 29. Qg4 Nde6 30. h4 Nxf4 31. Qxf4 Qc4 32. Qf5 Be6 33. Qg6
Bf7 34. Qf5 g6 35. Qf6+ Kg8 36. d5 Qxc2 37. Bb2 Kf8 38. Qh8+ Bg8 39. Qg7+ Ke8
40. Qxg8+ Ke7 41. Qg7+ Ke8 42. Qh8+ Kd7 43. Qg7+ Ke8 44. hxg5 Qd1+ 45. Kh2 Qh5+
46. Kg3 Qxg5+ 47. Kh2 Qh5+ 48. Kg1 Qd1+ 49. Kh2 Qh5+ 50. Kg3 Qg5+ 51. Kf3 Qxd5+
52. Ke3 Qg5+ 53. Kf3 Qf5+ 54. Kg3 Qg5+ 55. Kh2 Qh5+ 56. Kg1 Qd1+ 57. Kh2 Qh5+
58. Kg3 Qg5+ 59. Kf3 Qf5+ 60. Ke3 Qe6+ 61. Kd2 Qf7 62. Qd4 h5 63. f3 Kd7 64.
Ke3 b5 65. Qd3 Qe6+ 66. Kf2 Qf5 67. Qb3 c6 68. Bd4 Qe6 69. Qa3 Qd5 70. Qa7+ Ke6
71. Qg7 Qf5 72. Qg8+ Qf7 73. Qa8 Qf4 74. Be3 Qh4+ 75. Ke2 Qc4+ 76. Kf2 Kf7 77.
Qa7+ Kf6 78. Qd7 Qa2+ 79. Kg3 Qd5 80. Bf4 Qe6 81. Qxc6 g5 82. Bd2 Qe5+ 83. Kf2
Qc5+ 84. Qxc5 dxc5 85. Be3 c4 86. Bd2 Kf5 87. g3 g4 88. Ke3 gxf3 89. Kxf3 Ke5
90. Bc3+ Kd5 91. Ke3 Kc5 92. Bg7 Kb4 93. Kf4 c3 94. Kg5 Kc4 95. Kxh5 b4 96. g4
b3 0-1

[Event "7. Internacional Governador Mario Covas"]
[Site "Santos BRA"]
[Date "2007.05.19"]
[Round "1.5"]
[White "Mekhitarian, Krikor Sevag"]
[Black "Matsuura, Everaldo"]
[Result "1-0"]
[WhiteElo "2416"]
[BlackElo "2502"]
[PlyCount "39"]
[EventDate "2007.05.19"]
[EventType "tourn"]
[EventRounds "9"]
[EventCountry "BRA"]
[EventCategory "10"]
[Source "lmi"]
[SourceDate "2007.05.19"]

1. d4 d5 2. c4 c6 3. Nc3 Nf6 4. Nf3 e6 5. Bg5 dxc4 6. e4 b5 7. e5 h6 8. Bh4 g5
9. exf6 gxh4 10. Ne5 Qxf6 11. a4 Bb7 12. axb5 c5 13. Be2 h3 14. Bf3 Bxf3 15.
gxf3 Nd7 16. Ne4 Qg7 17. Nxd7 Kxd7 18. b6 Qxd4 19. Qa4+ Ke7 20. Rd1 1-0

[Event "7. Internacional Governador Mario Covas"]
[Site "Santos BRA"]
[Date "2007.05.20"]
[Round "2.1"]
[White "Leitao, Rafael"]
[Black "Matsuura, Everaldo"]
[Result "1/2-1/2"]
[WhiteElo "2603"]
[BlackElo "2502"]
[PlyCount "84"]
[EventDate "2007.05.19"]
[EventType "tourn"]
[EventRounds "9"]
[EventCountry "BRA"]
[EventCategory "10"]
[Source "lmi"]
[SourceDate "2007.05.19"]

1. d4 d5 2. c4 dxc4 3. Nf3 c5 4. d5 e6 5. Nc3 exd5 6. Qxd5 Qxd5 7. Nxd5 Bd6 8.
Nd2 Ne7 9. Nxc4 Nxd5 10. Nxd6+ Ke7 11. Nxc8+ Rxc8 12. g3 Nb4 13. Bh3 Rd8 14.
O-O N8c6 15. Be3 b6 16. Rfc1 Nd5 17. Bg5+ f6 18. Bd2 Nd4 19. Kf1 Rd6 20. Bg2
Rad8 21. e4 Nb4 22. Bxb4 cxb4 23. Rc7+ R8d7 24. Rac1 Ne6 25. Rxd7+ Rxd7 26. Ke2
Nc5 27. b3 a5 28. Rc4 g5 29. Bh3 Rd6 30. Bf5 h6 31. f4 Rd8 32. Bh3 gxf4 33.
gxf4 Rd3 34. Rxc5 Rxh3 35. Rc7+ Kd6 36. Rf7 Rxh2+ 37. Ke3 Ke6 38. Rb7 Rxa2 39.
Rxb6+ Kf7 40. Rb7+ Kg8 41. Rb8+ Kf7 42. Rb7+ Kg8 1/2-1/2

[Event "7. Internacional Governador Mario Covas"]
[Site "Santos BRA"]
[Date "2007.05.20"]
[Round "2.2"]
[White "Milos, Gilberto"]
[Black "Mekhitarian, Krikor Sevag"]
[Result "1-0"]
[WhiteElo "2579"]
[BlackElo "2416"]
[PlyCount "57"]
[EventDate "2007.05.19"]
[EventType "tourn"]
[EventRounds "9"]
[EventCountry "BRA"]
[EventCategory "10"]
[Source "lmi"]
[SourceDate "2007.05.19"]

1. d4 Nf6 2. c4 e6 3. Nf3 b6 4. g3 Ba6 5. Nbd2 c5 6. Bg2 Nc6 7. dxc5 bxc5 8.
O-O Be7 9. b3 O-O 10. Bb2 Qc7 11. Ng5 h6 12. Nge4 Nxe4 13. Nxe4 Rad8 14. Qd2
Bb7 15. Rad1 d6 16. e3 Nb8 17. Qc3 f6 18. Qc2 Nd7 19. Rd2 f5 20. Nc3 Bxg2 21.
Kxg2 Qc6+ 22. f3 Ne5 23. e4 g5 24. exf5 Nxf3 25. Nd5 exd5 26. cxd5 Nxd2 27.
dxc6 Nxf1 28. Qe4 Rf7 29. Qe6 1-0

[Event "7. Internacional Governador Mario Covas"]
[Site "Santos BRA"]
[Date "2007.05.20"]
[Round "2.3"]
[White "Fernandez, Daniel"]
[Black "Cubas, Jose Fernando"]
[Result "1-0"]
[WhiteElo "2436"]
[BlackElo "2447"]
[PlyCount "51"]
[EventDate "2007.05.19"]
[EventType "tourn"]
[EventRounds "9"]
[EventCountry "BRA"]
[EventCategory "10"]
[Source "lmi"]
[SourceDate "2007.05.19"]

1. e4 c5 2. c3 Nf6 3. e5 Nd5 4. d4 cxd4 5. Nf3 Nc6 6. Bc4 Nb6 7. Bb3 d5 8. exd6
Qxd6 9. O-O Be6 10. Na3 a6 11. Bxe6 Qxe6 12. Nxd4 Nxd4 13. Qxd4 Rd8 14. Qh4 Qc6
15. Re1 e6 16. Bg5 Rd5 17. Nc2 h6 18. Nd4 Qc8 19. Nf3 Bd6 20. Be3 Qc7 21. Qg4
Kf8 22. Bd4 Rg8 23. c4 Rf5 24. c5 Bxc5 25. Rac1 g5 26. Qxf5 1-0

[Event "7. Internacional Governador Mario Covas"]
[Site "Santos BRA"]
[Date "2007.05.20"]
[Round "2.4"]
[White "Lemos, Damian"]
[Black "Coelho, Luis Henrique"]
[Result "1-0"]
[WhiteElo "2422"]
[BlackElo "2395"]
[PlyCount "61"]
[EventDate "2007.05.19"]
[EventType "tourn"]
[EventRounds "9"]
[EventCountry "BRA"]
[EventCategory "10"]
[Source "lmi"]
[SourceDate "2007.05.19"]

1. d4 Nf6 2. c4 e6 3. Nf3 Bb4+ 4. Bd2 a5 5. g3 d5 6. a3 Bxd2+ 7. Nbxd2 b6 8.
Bg2 Bb7 9. cxd5 exd5 10. O-O O-O 11. Rc1 Re8 12. Ne5 c5 13. e3 Na6 14. Qa4 Nc7
15. f4 cxd4 16. exd4 Ne4 17. Nxe4 dxe4 18. Rfd1 Nd5 19. Bxe4 f6 20. Qb3 a4 21.
Qf3 fxe5 22. dxe5 Ra5 23. Rd4 Qd7 24. Rcd1 Rd8 25. f5 Kf8 26. Qh5 Qe8 27. Qh4
Qe7 28. f6 gxf6 29. exf6 Qf7 30. Bxh7 Ke8 31. Re1+ 1-0

[Event "7. Internacional Governador Mario Covas"]
[Site "Santos BRA"]
[Date "2007.05.20"]
[Round "2.5"]
[White "Fier, Alexandr"]
[Black "Rodriguez Vila, Andres"]
[Result "1-0"]
[WhiteElo "2499"]
[BlackElo "2559"]
[PlyCount "65"]
[EventDate "2007.05.19"]
[EventType "tourn"]
[EventRounds "9"]
[EventCountry "BRA"]
[EventCategory "10"]
[Source "lmi"]
[SourceDate "2007.05.19"]

1. e4 e6 2. d4 d5 3. Nc3 Bb4 4. e5 b6 5. a3 Bxc3+ 6. bxc3 Qd7 7. Qg4 f5 8. Qg3
Ba6 9. Bxa6 Nxa6 10. Ne2 Qf7 11. c4 c6 12. cxd5 cxd5 13. Qd3 Nc7 14. a4 Ne7 15.
Ba3 O-O 16. Bd6 Rfc8 17. a5 Nc6 18. axb6 axb6 19. Rxa8 Rxa8 20. O-O Na5 21. Nf4
Ne8 22. Qb5 Nc4 23. Qc6 Rd8 24. Bb4 Nc7 25. Ra1 g5 26. Ra7 gxf4 27. Rxc7 Qe8
28. Qb7 Qh5 29. Rg7+ Kh8 30. h4 Qh6 31. Be7 Nd6 32. Qc7 Rc8 33. exd6 1-0

[Event "7. Internacional Governador Mario Covas"]
[Site "Santos BRA"]
[Date "2007.05.21"]
[Round "3.1"]
[White "Rodriguez Vila, Andres"]
[Black "Leitao, Rafael"]
[Result "1/2-1/2"]
[WhiteElo "2559"]
[BlackElo "2603"]
[PlyCount "29"]
[EventDate "2007.05.19"]
[EventType "tourn"]
[EventRounds "9"]
[EventCountry "BRA"]
[EventCategory "10"]
[Source "lmi"]
[SourceDate "2007.05.19"]

1. c4 Nf6 2. Nc3 g6 3. g3 Bg7 4. Bg2 O-O 5. e4 d6 6. Nge2 c5 7. d3 Nc6 8. h3
Ne8 9. O-O Nc7 10. f4 Ne6 11. f5 Ned4 12. Nxd4 Nxd4 13. g4 e6 14. fxg6 fxg6 15.
Bd2 1/2-1/2

[Event "7. Internacional Governador Mario Covas"]
[Site "Santos BRA"]
[Date "2007.05.21"]
[Round "3.2"]
[White "Coelho, Luis Henrique"]
[Black "Fier, Alexandr"]
[Result "0-1"]
[WhiteElo "2395"]
[BlackElo "2499"]
[PlyCount "110"]
[EventDate "2007.05.19"]
[EventType "tourn"]
[EventRounds "9"]
[EventCountry "BRA"]
[EventCategory "10"]
[Source "lmi"]
[SourceDate "2007.05.19"]

1. d4 Nf6 2. c4 e6 3. g3 d5 4. Bg2 Bb4+ 5. Bd2 Be7 6. Nf3 O-O 7. O-O c6 8. Qc2
b6 9. Rd1 Ba6 10. b3 Nbd7 11. Bf4 Rc8 12. Nc3 h6 13. e4 dxc4 14. Nd2 b5 15.
bxc4 bxc4 16. Na4 c5 17. d5 exd5 18. exd5 Nh5 19. Be3 Bf6 20. Rac1 Bd4 21. Nf1
Ne5 22. Qe2 Bxe3 23. Nxe3 Nf6 24. Nb2 Re8 25. Qc2 Nd3 26. Nxd3 cxd3 27. Qa4 Qb6
28. Rb1 Qd6 29. Bh3 Rb8 30. Nf5 Rxb1 31. Rxb1 Rb8 32. Nxd6 Rxb1+ 33. Kg2 d2 34.
Qxa6 d1=Q 35. Qc8+ Kh7 36. Bf5+ g6 37. Bxb1 Qxd5+ 38. Kg1 Qxd6 39. Qb7 Kg7 40.
Bc2 Ng4 41. Qe4 h5 42. Bb3 Qd2 43. Qf3 c4 44. Bxc4 Qc1+ 45. Bf1 Qxf1+ 46. Kxf1
Nxh2+ 47. Ke2 Nxf3 48. Kxf3 Kf6 49. Ke4 g5 50. a4 a5 51. f3 Kg6 52. Ke3 Kf5 53.
Kd3 h4 54. gxh4 gxh4 55. Ke3 h3 0-1

[Event "7. Internacional Governador Mario Covas"]
[Site "Santos BRA"]
[Date "2007.05.21"]
[Round "3.3"]
[White "Cubas, Jose Fernando"]
[Black "Lemos, Damian"]
[Result "1/2-1/2"]
[WhiteElo "2447"]
[BlackElo "2422"]
[PlyCount "91"]
[EventDate "2007.05.19"]
[EventType "tourn"]
[EventRounds "9"]
[EventCountry "BRA"]
[EventCategory "10"]
[Source "lmi"]
[SourceDate "2007.05.19"]

1. e4 e6 2. d4 d5 3. e5 c5 4. c3 Qb6 5. Nf3 Nc6 6. Be2 cxd4 7. cxd4 Nge7 8. Nc3
Nf5 9. Bb5 Bd7 10. Bxc6 Bxc6 11. O-O Bb4 12. a4 O-O 13. Ne2 Rac8 14. Qd3 Qa6
15. Qxa6 bxa6 16. Nf4 Bb7 17. g4 Ne7 18. a5 Nc6 19. Nd3 Bxa5 20. Nc5 Ba8 21.
Be3 Rfe8 22. Rfc1 Bb6 23. Nxa6 f6 24. Nc5 fxe5 25. Nxe5 Nxe5 26. dxe5 d4 27.
Bxd4 Rcd8 28. Be3 Rd5 29. Nxe6 Bxe3 30. fxe3 Rd2 31. Rxa7 Rg2+ 32. Kf1 Rxh2 33.
Rcc7 Be4 34. Rxg7+ Kh8 35. Rge7 Rc8 36. Rec7 Re8 37. Nd4 h5 38. gxh5 Rg8 39.
Nf3 Rxb2 40. e6 Rd8 41. Rd7 Rc8 42. Rac7 Rxc7 43. Rxc7 Bxf3 44. e7 Bxh5 45.
Rc8+ Kg7 46. e8=R 1/2-1/2

[Event "7. Internacional Governador Mario Covas"]
[Site "Santos BRA"]
[Date "2007.05.21"]
[Round "3.4"]
[White "Mekhitarian, Krikor Sevag"]
[Black "Fernandez, Daniel"]
[Result "0-1"]
[WhiteElo "2416"]
[BlackElo "2436"]
[PlyCount "64"]
[EventDate "2007.05.19"]
[EventType "tourn"]
[EventRounds "9"]
[EventCountry "BRA"]
[EventCategory "10"]
[Source "lmi"]
[SourceDate "2007.05.19"]

1. e4 c5 2. Nf3 d6 3. d4 cxd4 4. Nxd4 Nf6 5. Nc3 a6 6. Bc4 e6 7. Bb3 Nbd7 8.
Bg5 Qa5 9. Bxf6 Nxf6 10. O-O g5 11. Re1 Be7 12. Qd2 Ng4 13. Ba4+ Kf8 14. Bb3
Bd7 15. h3 Ne5 16. f4 Qc5 17. fxe5 dxe5 18. Nce2 exd4 19. Kh1 Rd8 20. Rf1 Kg7
21. Rf3 Bc6 22. Raf1 Rhf8 23. Ng3 Qe5 24. Qf2 f6 25. Nh5+ Kg6 26. Ng3 h5 27. h4
Bd6 28. hxg5 h4 29. Qe2 hxg3 30. Rxf6+ Rxf6 31. Rxf6+ Kxg5 32. Rxe6 Qh8+ 0-1

[Event "7. Internacional Governador Mario Covas"]
[Site "Santos BRA"]
[Date "2007.05.21"]
[Round "3.5"]
[White "Matsuura, Everaldo"]
[Black "Milos, Gilberto"]
[Result "1/2-1/2"]
[WhiteElo "2502"]
[BlackElo "2579"]
[PlyCount "107"]
[EventDate "2007.05.19"]
[EventType "tourn"]
[EventRounds "9"]
[EventCountry "BRA"]
[EventCategory "10"]
[Source "lmi"]
[SourceDate "2007.05.19"]

1. e4 c5 2. Nf3 Nc6 3. d4 cxd4 4. Nxd4 Nf6 5. Nc3 d6 6. Bg5 e6 7. Qd2 a6 8.
O-O-O Bd7 9. f3 Be7 10. Be3 Qc7 11. g4 h6 12. h4 Ne5 13. Qg2 g6 14. g5 hxg5 15.
Bxg5 O-O-O 16. f4 Nc6 17. Be2 Kb8 18. Bf3 Rc8 19. Rhe1 Nxd4 20. Rxd4 Bc6 21. e5
Bxf3 22. Qxf3 Ne8 23. Rd2 d5 24. Ne2 Ng7 25. Nd4 Bc5 26. Qd3 Bxd4 27. Qxd4 Nf5
28. Qf2 Qa5 29. a3 Rc4 30. Kb1 d4 31. Ree2 Rhc8 32. Qf3 Qb5 33. Rh2 Ne3 34. Be7
Ka8 35. Bd6 Qb6 36. Qe2 Nf5 37. h5 Ng3 38. Qf3 Nxh5 39. Rd3 Ka7 40. Rb3 Qc6 41.
Qxc6 R8xc6 42. Rf3 a5 43. Bf8 a4 44. Bh6 Kb6 45. Rd2 Rc8 46. Rfd3 Kc5 47. b3
axb3 48. cxb3 Rc3 49. Rxd4 Kb6 50. Kb2 Ng3 51. Bf8 Nf5 52. Rb4+ Ka7 53. Ra4+
Kb6 54. Rb4+ 1/2-1/2

[Event "7. Internacional Governador Mario Covas"]
[Site "Santos BRA"]
[Date "2007.05.22"]
[Round "4.1"]
[White "Leitao, Rafael"]
[Black "Milos, Gilberto"]
[Result "1/2-1/2"]
[WhiteElo "2603"]
[BlackElo "2579"]
[PlyCount "36"]
[EventDate "2007.05.19"]
[EventType "tourn"]
[EventRounds "9"]
[EventCountry "BRA"]
[EventCategory "10"]
[Source "lmi"]
[SourceDate "2007.05.19"]

1. Nf3 d5 2. d4 Nf6 3. c4 dxc4 4. e3 e6 5. Bxc4 c5 6. O-O a6 7. dxc5 Qxd1 8.
Rxd1 Bxc5 9. b3 Ke7 10. Bb2 b5 11. Be2 Bb7 12. Nbd2 Nbd7 13. Nd4 Rhc8 14. a4
bxa4 15. Rxa4 Nb6 16. Raa1 a5 17. Nc4 Nxc4 18. Bxc4 Bd5 1/2-1/2

[Event "7. Internacional Governador Mario Covas"]
[Site "Santos BRA"]
[Date "2007.05.22"]
[Round "4.2"]
[White "Fernandez, Daniel"]
[Black "Matsuura, Everaldo"]
[Result "1-0"]
[WhiteElo "2436"]
[BlackElo "2502"]
[PlyCount "109"]
[EventDate "2007.05.19"]
[EventType "tourn"]
[EventRounds "9"]
[EventCountry "BRA"]
[EventCategory "10"]
[Source "lmi"]
[SourceDate "2007.05.19"]

1. e4 c5 2. Nf3 Nc6 3. Bb5 e6 4. O-O Nge7 5. c3 a6 6. Ba4 b5 7. Bc2 d5 8. e5
Ng6 9. Re1 Be7 10. d4 cxd4 11. cxd4 O-O 12. Nc3 f5 13. exf6 Bxf6 14. Ne2 Qb6
15. Be3 Nh4 16. Ne5 Ne7 17. Ng4 Nhf5 18. Nxf6+ gxf6 19. Ng3 Nxe3 20. Rxe3 Rf7
21. Qg4+ Kf8 22. Qf4 Bd7 23. Qh6+ Ke8 24. Rd1 Kd8 25. Bxh7 Kc7 26. Bb1 Nc6 27.
Nh5 f5 28. Nf6 Nd8 29. Nh5 Kb7 30. Nf4 Rc8 31. h3 Rc4 32. Ne2 a5 33. b3 Rc6 34.
Qh4 b4 35. Nf4 Rc3 36. Nd3 Nc6 37. Nc5+ Rxc5 38. dxc5 Qxc5 39. Ree1 e5 40. Qh5
Be6 41. Rc1 Qd6 42. Qe2 Kb6 43. Bd3 e4 44. f3 Qe5 45. fxe4 fxe4 46. Qe3+ Nd4
47. Be2 Kb7 48. Red1 Nxe2+ 49. Qxe2 d4 50. Qc2 Qd5 51. Qc5 d3 52. Qe3 Rf5 53.
Rc4 Re5 54. Rdc1 d2 55. Rc7+ 1-0

[Event "7. Internacional Governador Mario Covas"]
[Site "Santos BRA"]
[Date "2007.05.22"]
[Round "4.3"]
[White "Lemos, Damian"]
[Black "Mekhitarian, Krikor Sevag"]
[Result "1-0"]
[WhiteElo "2422"]
[BlackElo "2416"]
[PlyCount "241"]
[EventDate "2007.05.19"]
[EventType "tourn"]
[EventRounds "9"]
[EventCountry "BRA"]
[EventCategory "10"]
[Source "lmi"]
[SourceDate "2007.05.19"]

1. d4 Nf6 2. Nf3 e6 3. c4 b6 4. g3 Ba6 5. Qa4 Be7 6. Bg2 O-O 7. O-O c6 8. Nc3
d5 9. cxd5 cxd5 10. Bg5 b5 11. Qd1 Nbd7 12. a3 Rc8 13. Re1 h6 14. Bxf6 Nxf6 15.
e3 Qb6 16. Bf1 Rc7 17. Ne5 Ne4 18. Nxe4 dxe4 19. Bg2 Bb7 20. Qh5 Bd6 21. Bf1
Rfc8 22. a4 a6 23. a5 Qa7 24. Bh3 Bd5 25. Rf1 Rc2 26. Rab1 f6 27. Nd7 Rd8 28.
Nb6 Bb3 29. d5 exd5 30. Be6+ Kf8 31. Qf5 Re8 32. Nd7+ Ke7 33. Nxf6 Rf8 34. Bxd5
Rxf6 35. Qxe4+ Kf8 36. Bxb3 Rc5 37. Qh7 Ke8 38. Rbc1 Bf8 39. Qe4+ Qe7 40. Qd4
Qc7 41. Rxc5 Qxc5 42. Qe4+ Qe7 43. Qg4 Qd7 44. Qh5+ g6 45. Qe5+ Qe7 46. Qb8+
Qd8 47. Qb7 Qd7 48. Qe4+ Qe7 49. Qc2 Qc5 50. Qe2 Qb4 51. Bd5 Qxa5 52. Rc1 Qd8
53. e4 Qb6 54. e5 Rf5 55. Rc6 Qd4 56. Be4 Rxe5 57. Bxg6+ Kd7 58. Qf3 Qd5 59.
Qxd5+ Rxd5 60. Rxa6 Rd2 61. b3 Rb2 62. Rf6 Bc5 63. Rf3 Ke6 64. Bd3 b4 65. Bc4+
Ke5 66. Kg2 Rd2 67. h4 Bd4 68. Rf8 Ke4 69. Re8+ Kf5 70. Re2 Rd1 71. Kf3 Be5 72.
g4+ Kf6 73. Ra2 Rd4 74. Ra6+ Kg7 75. Ra7+ Kh8 76. Re7 Bf6 77. Re8+ Kg7 78. Kg3
h5 79. g5 Rg4+ 80. Kf3 Bd4 81. Re7+ Kf8 82. Rf7+ Ke8 83. Rf5 Rxh4 84. g6 Rh2
85. Ke4 Bc3 86. f4 Rg2 87. Bf7+ Kf8 88. Rxh5 Re2+ 89. Kf3 Rd2 90. Rb5 Rd6 91.
f5 Kg7 92. Be6 Kh6 93. Rb7 Bg7 94. Rxb4 Kg5 95. Rb7 Kh6 96. Rf7 Rb6 97. Ke4 Ra6
98. Kd5 Ra5+ 99. Kc6 Ra6+ 100. Kb5 Rd6 101. Rd7 Rxd7 102. Bxd7 Be5 103. Kc5 Kg7
104. Kd5 Bc3 105. Ke6 Bb4 106. Bc6 Ba3 107. Be4 Bb2 108. b4 Bc3 109. b5 Bd4
110. Kd7 Kf8 111. Kc6 Ke7 112. b6 Bc3 113. b7 Be5 114. Bd5 Kf6 115. Be6 Bf4
116. Kd7 Be5 117. Kc8 Bf4 118. b8=Q Bxb8 119. Kxb8 Kg7 120. Kc7 Kf6 121. Kd8
1-0

[Event "7. Internacional Governador Mario Covas"]
[Site "Santos BRA"]
[Date "2007.05.22"]
[Round "4.4"]
[White "Fier, Alexandr"]
[Black "Cubas, Jose Fernando"]
[Result "1-0"]
[WhiteElo "2499"]
[BlackElo "2447"]
[PlyCount "63"]
[EventDate "2007.05.19"]
[EventType "tourn"]
[EventRounds "9"]
[EventCountry "BRA"]
[EventCategory "10"]
[Source "lmi"]
[SourceDate "2007.05.19"]

1. c3 d5 2. Nf3 Nf6 3. e3 c5 4. b3 Nc6 5. Bb5 Qb6 6. c4 a6 7. Ba4 Bd7 8. O-O e6
9. d4 Be7 10. cxd5 exd5 11. dxc5 Bxc5 12. Nc3 Qa7 13. Nxd5 b5 14. Nxf6+ gxf6
15. b4 Nxb4 16. Bb3 O-O-O 17. Ba3 Bh3 18. Qc1 Rhg8 19. Qxc5+ Qxc5 20. Rac1 Bxg2
21. Rxc5+ Kb8 22. Ng5 Nd3 23. Rd1 Be4 24. f3 Bxf3 25. Rxd3 Rxd3 26. Kf2 Bb7 27.
Nf3 Rc8 28. Rxc8+ Kxc8 29. Bb4 Bxf3 30. Kxf3 Rd7 31. Bc2 h6 32. Bf5 1-0

[Event "7. Internacional Governador Mario Covas"]
[Site "Santos BRA"]
[Date "2007.05.22"]
[Round "4.5"]
[White "Rodriguez Vila, Andres"]
[Black "Coelho, Luis Henrique"]
[Result "1-0"]
[WhiteElo "2559"]
[BlackElo "2395"]
[PlyCount "83"]
[EventDate "2007.05.19"]
[EventType "tourn"]
[EventRounds "9"]
[EventCountry "BRA"]
[EventCategory "10"]
[Source "lmi"]
[SourceDate "2007.05.19"]

1. e4 e6 2. d4 d5 3. exd5 exd5 4. Bd3 Nc6 5. c3 Bd6 6. Ne2 Qf6 7. Ng3 g6 8. O-O
Nge7 9. Re1 h5 10. Na3 h4 11. Nf1 Bf5 12. Qf3 Bxa3 13. bxa3 O-O-O 14. Ne3 Qe6
15. Bf1 Na5 16. a4 Qd6 17. Nxf5 Nxf5 18. Bd3 Qd7 19. Bg5 Rde8 20. Bf6 Rhg8 21.
Bxf5 gxf5 22. Bxh4 Re4 23. Bg3 Nc4 24. Qd3 Rge8 25. f3 Re3 26. Qc2 f4 27. Bf2
R3e6 28. Rxe6 fxe6 29. Qg6 Qxa4 30. Re1 Qd7 31. Qf6 Qd6 32. Qf7 Qd7 33. Qxf4 b6
34. h4 Qg7 35. h5 Rg8 36. g4 Qe7 37. Bg3 Nd6 38. Kg2 Kb7 39. Qe5 Re8 40. h6 Qh7
41. Qg7 Qc2+ 42. Bf2 1-0

[Event "7. Internacional Governador Mario Covas"]
[Site "Santos BRA"]
[Date "2007.05.23"]
[Round "5.1"]
[White "Coelho, Luis Henrique"]
[Black "Leitao, Rafael"]
[Result "0-1"]
[WhiteElo "2395"]
[BlackElo "2603"]
[PlyCount "68"]
[EventDate "2007.05.19"]
[EventType "tourn"]
[EventRounds "9"]
[EventCountry "BRA"]
[EventCategory "10"]
[Source "lmi"]
[SourceDate "2007.05.19"]

1. d4 Nf6 2. c4 c5 3. d5 d6 4. Nc3 g6 5. Nf3 Bg7 6. g3 O-O 7. Bg2 Na6 8. O-O
Nc7 9. a4 Rb8 10. h3 e5 11. Ne1 Nfe8 12. Nd3 f5 13. e4 Nf6 14. f4 Nxe4 15. fxe5
Nxg3 16. Rf3 Nh5 17. e6 b6 18. Be3 Ba6 19. Qb3 Rb7 20. Nf4 Nxf4 21. Bxf4 Ne8
22. Bf1 Be5 23. Bh6 Ng7 24. Be3 f4 25. Bf2 g5 26. Qc2 h5 27. Qg6 Qf6 28. Qxf6
Rxf6 29. Ne4 Rg6 30. Rb3 g4 31. Be1 Nf5 32. Bc3 Nd4 33. Bxd4 Bxd4+ 34. Kh1 Be5
0-1

[Event "7. Internacional Governador Mario Covas"]
[Site "Santos BRA"]
[Date "2007.05.23"]
[Round "5.2"]
[White "Cubas, Jose Fernando"]
[Black "Rodriguez Vila, Andres"]
[Result "0-1"]
[WhiteElo "2447"]
[BlackElo "2559"]
[PlyCount "112"]
[EventDate "2007.05.19"]
[EventType "tourn"]
[EventRounds "9"]
[EventCountry "BRA"]
[EventCategory "10"]
[Source "lmi"]
[SourceDate "2007.05.19"]

1. e4 g6 2. d4 d6 3. Nc3 a6 4. Be3 b5 5. Bd3 Nf6 6. f3 e5 7. dxe5 dxe5 8. a4 b4
9. Nb1 Nbd7 10. Bc4 Bd6 11. Nd2 Qe7 12. Nb3 Nb6 13. Bd3 Be6 14. Qe2 a5 15. Bb5+
Nfd7 16. Bc6 Ra7 17. Qf2 O-O 18. Rd1 Rc8 19. Ne2 Nb8 20. Bb5 Ra8 21. Rxd6 Qxd6
22. Bc5 Qd8 23. O-O N6d7 24. Be3 c5 25. f4 c4 26. f5 gxf5 27. exf5 Bd5 28. Rd1
cxb3 29. Rxd5 bxc2 30. Qg3+ Kh8 31. f6 Qxf6 32. Bxd7 Nxd7 33. Rxd7 Rd8 34.
Rxd8+ Rxd8 35. h4 Qf5 36. Kh2 Rg8 37. Qe1 Qe4 38. Bg5 h6 39. Bf6+ Kh7 40. Qf2
Rg6 41. h5 Rg4 42. g3 Rg8 43. Nc1 Rc8 44. Bd8 Kg8 45. Bxa5 Qg4 46. Bb6 Rc6 47.
Bc5 Qxh5+ 48. Kg2 Qd1 49. Be3 Kg7 50. Qf5 Qd5+ 51. Kh2 Rf6 52. Qxc2 Rf1 53. Qg2
Qd1 54. g4 Qe1 55. Qxf1 Qxf1 56. a5 Qe1 0-1